Globalizace - etika - ekonomika

Guardado en:
Detalles Bibliográficos
Autor principal: Rolný, Ivo
Otros Autores: Lacina, Lubor
Formato: Libro
Lenguaje:checo
Publicado: Věrovany Jan Piszkiewicz 2004
Edición:2. rozšíř. vyd.
Materias:
Etiquetas: Agregar Etiqueta
Sin Etiquetas, Sea el primero en etiquetar este registro!

MARC

LEADER 00000nam$a2200000$$$4500
001 0035242
005 20240306141406.7
020 |a 80-86768-04-X 
041 0 |a cze 
044 |a CZ 
245 1 0 |a Globalizace - etika - ekonomika  |c Ivo Rolný, Lubor Lacina 
250 |a 2. rozšíř. vyd. 
264 1 |a Věrovany  |b Jan Piszkiewicz  |c 2004 
300 |a 298 s. 
610 2 0 |a globalizácia hospodárstva 
610 2 0 |a globalizácia 
610 2 0 |a hospodárstvo svetové 
610 2 0 |a etika hospodárska 
610 2 0 |a obchod medzinárodný 
610 2 0 |a pohyb kapitálu 
610 2 0 |a spoločnosti nadnárodné 
610 2 0 |a pohyb síl pracovných medzinárodný 
610 2 0 |a trh svetový 
100 1 |a Rolný, Ivo 
700 1 |a Lacina, Lubor